[Event "SVK-chT2A 1819"]
[Site "Slovakia"]
[Date "2019.03.02"]
[Round "8.8"]
[White "Harastova, Viera"]
[Black "Jancovicova, Andrea"]
[Result "1/2-1/2"]
[WhiteElo "1817"]
[BlackElo "1974"]
[PlyCount "133"]
[EventDate "2018.10.13"]
[EventType "team-tourn"]
[EventRounds "11"]
[EventCountry "SVK"]
[SourceTitle "EXT 2020"]
[Source "ChessBase"]
[SourceDate "2019.10.17"]
[SourceVersion "1"]
[SourceVersionDate "2019.10.17"]
[SourceQuality "1"]
[WhiteTeam "Skalica"]
[BlackTeam "Bratislava Slovan V"]
[WhiteTeamCountry "SVK"]
[BlackTeamCountry "SVK"]

1. d4 Nf6 2. c4 d6 3. Nc3 c6 4. Nf3 Qc7 5. Bf4 Nbd7 6. e3 e5 7. dxe5 dxe5 8. Bg3 Be7 9. Be2 0-0 10. 0-0 Re8 11. Qc2 Bf8 12. Rad1 a5 13. e4 Nh5 14. Ng5 Nxg3 15. hxg3 f6 16. Nf3 Nc5 17. Kh2 Be6 18. b3 b6 19. Ne1 Red8 20. Nd3 Nxd3 21. Rxd3 Rxd3 22. Bxd3 Bc5 23. f4 Bg4 24. Be2 Be6 25. f5 Bf7 26. g4 Rd8 27. Rd1 Rd6 28. Na4 Rxd1 29. Qxd1 Bd4 30. Qc2 Qb7 31. Nc3 Qe7 32. Nb1 Qc5 33. Bf3 Be3 34. Qd3 Bg1+ 35. Kh1 Bd4 36. Be2 a4 37. Nd2 Qb4 38. Nf3 Qc3 39. Qxc3 Bxc3 40. bxa4 Kf8 41. Kg1 Ke7 42. g5 Kd6 43. gxf6 gxf6 44. g4 Bd4+ 45. Kf1 Be3 46. Ke1 h6 47. Nd2 Kc5 48. a3 Bxd2+ 49. Kxd2 Kd4 50. c5 Kxc5 51. Kc3 Bg8 52. Bd3 Ba2 53. Be2 Bf7 54. Bd3 h5 55. gxh5 Bxh5 56. Bc2 Bf3 57. Kd3 Bg2 58. Kc3 Bh3 59. Bd3 Bg4 60. Bc2 Be2 61. Bb3 Ba6 62. Bc2 Be2 63. Bb3 Bf1 64. Bc2 Bg2 65. Bd3 Bf3 66. Bc2 Bh5 67. Bb3 1/2-1/2

[Event "SVK-chT1W 1718"]
[Site "Slovakia"]
[Date "2017.11.05"]
[Round "4.7"]
[White "Jancovicova, Andrea"]
[Black "Pinter, Patrik"]
[Result "0-1"]
[WhiteElo "1974"]
[BlackElo "2176"]
[PlyCount "100"]
[EventDate "2017.10.21"]
[EventType "team-tourn"]
[EventRounds "11"]
[EventCountry "SVK"]
[SourceTitle "CBM 181 Extra"]
[Source "ChessBase"]
[SourceDate "2017.12.12"]
[SourceVersion "1"]
[SourceVersionDate "2017.12.12"]
[SourceQuality "1"]
[WhiteTeam "Bratislava Slovan II"]
[BlackTeam "Nitra NSK"]
[WhiteTeamCountry "SVK"]
[BlackTeamCountry "SVK"]

1. f4 g6 2. Nf3 Bg7 3. e4 c5 4. d4 cxd4 5. Nxd4 Nc6 6. e5 f6 7. Nxc6 bxc6 8. Bd3 fxe5 9. f5 Nf6 10. fxg6 e4 11. gxh7 exd3 12. Qxd3 Qa5+ 13. Nc3 Qh5 14. Bf4 a5 15. Qg3 Qxh7 16. 0-0 Nh5 17. Qe3 Nxf4 18. Qxf4 d6 19. Qf7+ Kd8 20. h3 Bd4+ 21. Kh1 Qxf7 22. Rxf7 Be6 23. Rf3 Kd7 24. Re1 a4 25. b3 axb3 26. axb3 Rag8 27. Rd3 Bxc3 28. Rxc3 Bd5 29. Re2 Rh6 30. Kh2 e5 31. Rd3 Rg5 32. Rdd2 Be6 33. Re3 d5 34. c3 Kd6 35. b4 Rh4 36. Rde2 Bd7 37. Rf2 Rf4 38. Rfe2 d4 39. Rd3 Kd5 40. g3 Re4 41. Red2 Kc4 42. cxd4 exd4 43. Kg2 Rge5 44. g4 Re2+ 45. Kf3 Rxd2 46. Rxd2 Re3+ 47. Kf4 Rxh3 48. g5 Rh1 49. Rg2 Kc3 50. g6 Be6 0-1